| Tag |
First Indicator |
Second Indicator |
Subfields |
| LEADER |
00000cam a2200000 a 4500 |
| 001 |
in00000972737 |
| 005 |
20150927111217.0 |
| 008 |
891020s19901989nyu b 00110 eng |
| 010 |
|
|
|a 89029484
|
| 020 |
|
|
|a 0312041500
|
| 035 |
|
|
|a (OCoLC)20628512
|
| 035 |
|
|
|9 AEW0767AM
|
| 040 |
|
|
|a DLC
|c DLC
|d TXA
|d UtOrBLW
|
| 043 |
|
|
|a e-uk---
|
| 049 |
|
|
|a TXAM
|
| 050 |
0 |
0 |
|a DA589.8
|b .S26 1990
|
| 082 |
0 |
0 |
|a 327.41/009/04
|2 20
|
| 100 |
1 |
|
|a Sanders, David,
|d 1950-
|
| 245 |
1 |
0 |
|a Losing an empire, finding a role :
|b an introduction to British foreign policy since 1945 /
|c David Sanders.
|
| 264 |
|
1 |
|a New York :
|b St. Martin's Press,
|c 1990
|
| 264 |
|
4 |
|c ©1989
|
| 300 |
|
|
|a ix, 349 pages :
|b illustrations ;
|c 23 cm.
|
| 336 |
|
|
|a text
|b txt
|2 rdacontent
|
| 337 |
|
|
|a unmediated
|b n
|2 rdamedia
|
| 338 |
|
|
|a volume
|b nc
|2 rdacarrier
|
| 504 |
|
|
|a Includes bibliographical references and indexes.
|
| 536 |
|
|
|a Dr. Paul P. Van Riper Collection, Department of Political Science.
|
| 651 |
|
0 |
|a Great Britain
|x Foreign relations
|y 1945-
|
| 651 |
|
0 |
|a Great Britain
|x Colonies
|x History
|y 20th century.
|
| 650 |
|
0 |
|a Decolonization
|z Great Britain
|x History
|y 20th century.
|
| 999 |
|
|
|a MARS
|
| 999 |
f |
f |
|s 673bc40c-d57a-3c0e-bb1a-75be61a309c5
|i 5d55bbe3-5687-3e56-9ff4-0f275aac7ee9
|t 0
|
| 952 |
f |
f |
|p ric
|a Texas A&M University
|b Rellis Campus
|c Joint Library Facility
|d Remote Storage
|t 0
|e DA589.8 .S26 1990
|h Library of Congress classification
|i unmediated -- volume
|m A14821290641
|
| 952 |
f |
f |
|p normal
|a Texas A&M University
|b College Station
|c Sterling C. Evans Library
|d Evans: Library Stacks
|t 0
|e DA589.8 .S26 1990
|h Library of Congress classification
|i unmediated -- volume
|m A14814035682
|
| 998 |
f |
f |
|a DA589.8 .S26 1990
|t 0
|l Remote Storage
|
| 998 |
f |
f |
|a DA589.8 .S26 1990
|t 0
|l Evans: Library Stacks
|